000 00714 a2200229 4500
003 OSt
005 20180116192358.0
008 120606t xxu||||| |||| 00| 0 eng d
010 _a 2004055100
020 _a0826464092 (HB)
020 _a0826464084 (pbk.)
020 _a9780826464088
040 _c0
082 0 0 _a720
100 1 _aBallantyne, Andrew.
_94182
245 1 0 _aArchitecture theory :
_ba reader in philosophy and culture /
_cAndrew Ballantyne.
260 _aLondon ;
_aNew York :
_bContinuum,
_cc2005.
300 _ax, 310 p . :
_c25 cm.
650 1 0 _aArchitecture
_xPhilosophy.
_94183
942 _aSADA
_cBK
_k720 BAL 2005
_2ddc
999 _c353178
_d353178